| 000 | 01307nam a2200337Ia 4500 | ||
|---|---|---|---|
| 001 | ebr10229869 | ||
| 003 | CaPaEBR | ||
| 006 | m u | ||
| 007 | cr cn||||||||| | ||
| 008 | 070820s2007 enka sb 001 0 eng d | ||
| 020 | _z9780335222193 (hbk.) | ||
| 020 | _z0335222196 (hbk.) | ||
| 020 | _z9780335222186 (pbk.) | ||
| 020 | _z0335222188 (pbk.) | ||
| 040 |
_aCaPaEBR _cCaPaEBR |
||
| 035 | _a(OCoLC)646747837 | ||
| 050 | 1 | 4 |
_aQA276.12 _b.R833 2007eb |
| 100 | 1 | _aRugg, Gordon. | |
| 245 | 1 | 0 |
_aUsing statistics _h[electronic resource] : _ba gentle introduction / _cGordon Rugg. |
| 260 |
_aMaidenhead, England ; _aNew York : _bMcGraw Hill/Open University Press, _c2007. |
||
| 300 |
_ax, 137 p. : _bill. |
||
| 490 | 1 | _aOpen up study skills | |
| 504 | _aIncludes bibliographical references (p. [127]-128) and index. | ||
| 533 |
_aElectronic reproduction. _bPalo Alto, Calif. : _cebrary, _d2009. _nAvailable via World Wide Web. _nAccess may be limited to ebrary affiliated libraries. |
||
| 650 | 0 | _aStatistics. | |
| 650 | 0 |
_aStatistics _xMethodology. |
|
| 655 | 7 |
_aElectronic books. _2local |
|
| 710 | 2 | _aebrary, Inc. | |
| 830 | 0 | _aOpen UP study skills. | |
| 856 | 4 | 0 |
_uhttp://site.ebrary.com/lib/rucke/Doc?id=10229869 _zAn electronic book accessible through the World Wide Web; click to view |
| 999 |
_c153361 _d153361 |
||